000 00490nam a22001697a 4500
003 OSt
005 20260130001619.0
008 260129b |||||||| |||| 00| 0 eng d
020 _a978-971-07-3766-6
040 _aDWCL-Main lib
_cOC
082 _aFil. 170 G646 2016
100 _aCalsado, Ricardo R.
245 _aGood character matters 9
260 _aQuezon City, Manila:
_bVibal Group,
_cc2016
300 _aii, 184 pages:
_bcolor illustration;
_c27 cm
942 _2ddc
_cBK - FIL
_mFil.
_n0
999 _c7988
_d7988